000 00910nam a2200265Ia 4500
003 OSt
005 20221005104821.0
006 a|||||r|||| 00| 0
007 ta
008 221004b |||||||| |||| 00| 0 hin d
020 _a8188808636 (hbk)
_c495
024 _a20003
037 _b120, 21/03/2015, Mallika Books
_cTextual
040 _aCRL
_cCRL
_bhin
041 _2hin
_ahin
082 _aY15:7:7.2, 152Q3
100 _aरमा
245 0 _aस्त्री अस्मिता और हिन्दी दैनिक
246 _aStrī asmitā aur hindī dainika
260 _aदिल्ली
_bशिवालिक प्रकाशन भारत
_c2013
300 _a190पृ0
_ccm.
650 _aहिन्दी साहित्य
942 _hY15:7:7.2, 152Q3
_cTEXL
_2cc
999 _c1013889
_d1013889